000 nam a22 7a 4500
999 _c9415
_d9415
008 180129b ||||| |||| 00| 0 eng d
100 _aManchanda R P
_95636
245 _aChemistry : CBSE & NCERT syllabus & CBSE sample papers - XIII
260 _aNew Delhi
_bRachana Publication
_c2007